Popular psychology : (Record no. 63901)

MARC details
000 -LEADER
fixed length control field 00461nam a22001577a 4500
005 - DATE AND TIME OF LATEST TRANSACTION
control field 20181106172049.0
010 ## - LCCN (DPL NO)
LC control number B-168545
020 ## - INTERNATIONAL STANDARD BOOK NUMBER
International Standard Book Number 0313324573
Terms of availability 625.00
035 ## - SYSTEM CONTROL NUMBER
System control number B-168543, B-168544, B-168545
037 ## - SOURCE OF ACQUISITION
Stock number DPL
Source of stock number/acquisition ENG
100 ## - MAIN ENTRY--PERSONAL NAME
Personal name Cordon, Luis A.
245 ## - TITLE STATEMENT
Title Popular psychology :
Remainder of title An encyclopedia /
Statement of responsibility, etc by Luis A. Cordon
260 ## - PUBLICATION, DISTRIBUTION, ETC. (IMPRINT)
Place of publication, distribution, etc London
Name of publisher, distributor, etc Greenwood Press
Date of publication, distribution, etc 2005
300 ## - PHYSICAL DESCRIPTION
Extent xvii, 274p.
Dimensions 22 cms.
942 ## - ADDED ENTRY ELEMENTS (KOHA)
Source of classification or shelving scheme Dewey Decimal Classification
Item type English Books
Classification part 150.3
Call number suffix COR
Holdings
Withdrawn status Lost status Not for loan Collection code Home library Current library Date acquired Cost, normal purchase price Full call number Barcode Cost, replacement price Koha item type Source of acquisition
      Non-fiction Sarojini Nagar Sarojini Nagar 09/03/2012 625.00 150.3 COR B-168543 625.00 English Books  
      Non-fiction Shahdara Branch Shahdara Branch 20/08/2018 0.00 150.3 COR B-168544 0.00 English Books BPPD/PUB
      Non-fiction Yojana Vihar Yojana Vihar 06/11/2018 625.00 150.3 COR B-168545 625.00 English Books BPPD/PUB

© Delhi Public Library
Hit Counter
free hit counter